00375nam a2200145Ia 4500008004100000041000800041080001500049100003200064245003300096246001600129260002500145300001700170003000900187040003300196180921t2014 xxu||||| |||| 00| 1 sin d asin aX8C31bPIY aPiyadigama, Gayani Asinsala aපින්න මලක් aPinna Malak bAuthoraBibilac2014 a205p., 21cm LK-CoDNM aLK-CoDNMdLK-CoDNMeLK-CoDNM